[Event "39th Eastman Open 2016"]
[Site "Ghent BEL"]
[Date "2016.07.18"]
[Round "6.3"]
[White "Alienkin, Aleksander"]
[Black "Venkatesh, M.R."]
[Result "1/2-1/2"]
[WhiteTitle "IM"]
[BlackTitle "GM"]
[WhiteElo "2387"]
[BlackElo "2445"]
[WhiteFideId "4156765"]
[BlackFideId "5005779"]
[EventDate "2016.07.16"]

1. d4 Nf6 2. Nf3 g6 3. c4 Bg7 4. Nc3 O-O 5. e4 d6 6. Be2 e5 7. O-O Nc6 8. Be3
Re8 9. dxe5 dxe5 10. h3 Bd7 11. Qd2 Nd4 12. Nxd4 exd4 13. Bxd4 Bc6 14. Rad1 Nxe4
15. Nxe4 Rxe4 16. Bxg7 Qxd2 17. Rxd2 Kxg7 18. f3 Re5 19. Kf2 a5 20. Rfd1 Rae8
21. Bf1 g5 22. Re2 Kf6 23. Rxe5 Kxe5 24. b3 Re6 25. a3 Rd6 26. Re1+ Kd4 27. b4
a4 28. c5 Re6 29. Rc1 f5 30. Rc4+ Ke5 31. Rc1 Bd5 32. Re1+ Kf6 33. Rxe6+ Bxe6
34. Bb5 Bb3 35. Bd7 Ke5 36. Ke3 b6 37. cxb6 cxb6 38. Bb5 h5 39. Be8 h4 40. Bb5
Bd1 41. Kd2 Bb3 42. Ke3 Bd1 43. Kd2 Bb3 44. Ke3 1/2-1/2

[Event "39th Eastman Open 2016"]
[Site "Ghent BEL"]
[Date "2016.07.18"]
[Round "6.4"]
[White "Van der Stricht, Geert"]
[Black "Docx, Stefan"]
[Result "0-1"]
[WhiteTitle "IM"]
[BlackTitle "IM"]
[WhiteElo "2368"]
[BlackElo "2420"]
[WhiteFideId "201324"]
[BlackFideId "200778"]
[EventDate "2016.07.16"]

1. d4 Nf6 2. c4 g6 3. Nc3 Bg7 4. e4 d6 5. Be2 O-O 6. Nf3 e5 7. O-O Nc6 8. d5 Ne7
9. b4 a5 10. Ba3 axb4 11. Bxb4 Re8 12. Re1 Bf8 13. a4 c5 14. Ba3 Nd7 15. Bc1 Bg7
16. Nd2 f5 17. Nb3 Rf8 18. a5 Ra6 19. f3 Kh8 20. exf5 gxf5 21. Bg5 Bf6 22. Bxf6+
Nxf6 23. f4 exf4 24. Na4 Nd7 25. Qd2 Ng6 26. Bh5 Nge5 27. Qc3 Qg5 28. Bf3 Qg7
29. Rf1 Rg8 30. Ra2 b6 31. Bd1 f3 32. Bxf3 bxa5 33. Bd1 Nb6 34. Nxb6 Rxb6 35.
Nxa5 Bd7 36. g3 Ra8 37. Bc2 Rba6 38. Bb3 f4 39. Kh1 f3 40. Rfa1 Bh3 41. Kg1 Ng4
42. Qxf3 Qd4+ 43. Kh1 Rxa5 44. Rxa5 Qxa1+ 0-1

[Event "39th Eastman Open 2016"]
[Site "Ghent BEL"]
[Date "2016.07.18"]
[Round "6.5"]
[White "Dgebuadze, Alexandre"]
[Black "Cordts, Ingo"]
[Result "1-0"]
[WhiteTitle "GM"]
[BlackTitle "FM"]
[WhiteElo "2511"]
[BlackElo "2289"]
[WhiteFideId "203882"]
[BlackFideId "4662687"]
[EventDate "2016.07.16"]

1. c4 e6 2. Nf3 d5 3. e3 Nf6 4. Nc3 c5 5. d4 cxd4 6. exd4 Bb4 7. Bd3 dxc4 8.
Bxc4 O-O 9. O-O Nbd7 10. Bg5 Bxc3 11. bxc3 Qc7 12. Bb3 Qxc3 13. Rc1 Qa5 14. Re1
h6 15. Bd2 Qh5 16. Bb4 Re8 17. Bd6 b6 18. d5 Bb7 19. dxe6 fxe6 20. Rxe6 Kh8 21.
Ne5 Qxd1+ 22. Rxd1 Nxe5 23. Rxe5 Ne4 24. Be7 Rec8 25. f3 Nc5 26. Bf7 Rc7 27. Bg6
Rc6 28. Bf5 Rc7 29. Bd8 Rc6 30. Be7 Rc7 1-0

[Event "39th Eastman Open 2016"]
[Site "Ghent BEL"]
[Date "2016.07.18"]
[Round "6.6"]
[White "Inkiov, Ventzislav"]
[Black "Stone, Andrew M"]
[Result "1/2-1/2"]
[WhiteTitle "GM"]
[WhiteElo "2467"]
[BlackElo "2208"]
[WhiteFideId "2900033"]
[BlackFideId "404985"]
[EventDate "2016.07.16"]

1. e4 e6 2. d4 d5 3. e5 c5 4. c3 Nc6 5. Nf3 Nh6 6. Bd3 Nf5 7. Bxf5 exf5 8. Bg5
Qb6 9. b3 Be6 10. h4 cxd4 11. cxd4 Rc8 12. O-O h6 13. Be3 Be7 14. Nc3 Qd8 15. h5
g5 16. hxg6 fxg6 17. Na4 b6 18. Nh2 g5 19. f4 Kd7 20. Qe2 Rc7 21. Nc3 Rg8 22.
Nb5 Rc8 23. Rac1 g4 24. Rc3 Ke8 25. Rfc1 Qd7 26. a3 a6 27. Nd6+ Bxd6 28. exd6
Qb7 29. Qe1 Kd7 30. Qh4 Kxd6 31. Qxh6 Ne7 32. Bd2 a5 33. Be1 Rxc3 34. Rxc3 Ng6
35. Nxg4 fxg4 36. f5 Bxf5 37. Bg3+ Ke6 38. Rc7 Qa8 39. Qh7 Qe8 40. Rb7 Kf6 41.
Qh6 Bd7 42. Be5+ Kf5 43. Rxb6 Be6 44. Qe3 Qf7 45. Rc6 Re8 46. Bg3 Kf6 47. Qh6
Ke7 48. Rc1 Rc8 49. Qg5+ Kd7 50. Rf1 Qg8 51. Qd2 Qd8 52. Qd3 Ne7 53. Qb5+ Rc6
54. Qb7+ Ke8 55. Bh4 Qc7 56. Qb5 Qb6 57. Qd3 Kd7 58. Qh7 Qxd4+ 59. Kh1 Qc5 1/2-1/2

[Event "39th Eastman Open 2016"]
[Site "Ghent BEL"]
[Date "2016.07.18"]
[Round "6.7"]
[White "Djuric, Stefan"]
[Black "Praveen, Kumar C"]
[Result "1-0"]
[WhiteTitle "GM"]
[BlackTitle "IM"]
[WhiteElo "2420"]
[BlackElo "2246"]
[WhiteFideId "900133"]
[BlackFideId "5007372"]
[EventDate "2016.07.16"]

1. e4 e6 2. d4 d5 3. e5 c5 4. c3 Nc6 5. Nf3 Bd7 6. Be3 Nh6 7. Bd3 cxd4 8. cxd4
Nf5 9. Nc3 Nxe3 10. fxe3 Be7 11. O-O O-O 12. a3 f5 13. exf6 Bxf6 14. Qc2 h6 15.
Kh1 Rc8 16. Qf2 Qe7 17. Qg3 g5 18. h4 Qg7 19. hxg5 hxg5 20. Nh2 Qh6 21. Kg1 Qh4
22. Qd6 Rcd8 23. Nxd5 Bc8 24. Nxf6+ Rxf6 25. Qc7 Rh6 26. Nf3 Qh5 27. Rac1 Rf8
28. Qg3 Qh1+ 29. Kf2 Qh4 30. Rh1 1-0

[Event "39th Eastman Open 2016"]
[Site "Ghent BEL"]
[Date "2016.07.18"]
[Round "6.8"]
[White "Froeyman, Helmut"]
[Black "Barendse, Ted"]
[Result "0-1"]
[WhiteTitle "FM"]
[WhiteElo "2277"]
[BlackElo "2208"]
[WhiteFideId "203602"]
[BlackFideId "1006150"]
[EventDate "2016.07.16"]

1. e4 e6 2. d4 d5 3. Nc3 Bb4 4. e5 c5 5. a3 Bxc3+ 6. bxc3 Qa5 7. Bd2 Qa4 8. Qb1
c4 9. Ne2 Ne7 10. g3 Nbc6 11. Bg2 Bd7 12. h4 O-O-O 13. h5 h6 14. O-O f6 15. Bf4
f5 16. Qc1 Rdg8 17. Be3 g5 18. hxg6 h5 19. Bg5 Nxg6 20. f4 h4 21. Kf2 hxg3+ 22.
Nxg3 Rh2 23. Rh1 Rxh1 24. Bxh1 Rh8 25. Bg2 Be8 26. Qb2 Qa5 27. Rh1 Rxh1 28. Bxh1
Qc7 29. Bg2 a6 30. Ne2 Qh7 31. Kg3 Nf8 32. Bf3 Bh5 33. Bxh5 Qxh5 34. Kf2 Nh7 35.
Bf6 Nxf6 36. exf6 Qh4+ 37. Ke3 Qxf6 38. Ng1 Qh6 39. Ne2 Kc7 40. Kd2 Qh1 41. a4
Qh4 42. Qb1 Qh2 43. Qb2 Qh7 44. Qb1 Qe7 45. Qb2 b6 46. Kc1 Qh7 47. Kd2 Qe7 48.
Kc1 Na5 49. Kd2 Nb7 50. Kc1 Qh4 51. Kb1 Qf2 52. a5 Nxa5 53. Qa3 Qxe2 54. Qe7+
Kb8 55. Qd8+ Ka7 56. Qc7+ Nb7 57. Kb2 a5 58. Qd7 Qe3 59. Qc6 Qxf4 60. Qxe6 Qe4 0-1

[Event "39th Eastman Open 2016"]
[Site "Ghent BEL"]
[Date "2016.07.18"]
[Round "6.9"]
[White "Draftian, Ashote"]
[Black "Goormachtigh, Johan"]
[Result "1-0"]
[WhiteTitle "FM"]
[BlackTitle "FM"]
[WhiteElo "2283"]
[BlackElo "2171"]
[WhiteFideId "204552"]
[BlackFideId "200280"]
[EventDate "2016.07.16"]

1. f4 d5 2. e3 g6 3. Nf3 Bg7 4. d4 Nf6 5. Bd3 O-O 6. O-O c5 7. c3 b6 8. b3 Ba6
9. Bb2 Bxd3 10. Qxd3 Nbd7 11. Nbd2 Qc7 12. Ne5 Rad8 13. a4 Qb7 14. Ba3 Nxe5 15.
fxe5 Nd7 16. Nf3 Qc6 17. c4 dxc4 18. Qxc4 Qe4 19. Rae1 Bh6 20. Kh1 e6 21. h3
Rfe8 22. Nh2 Bg5 23. Re2 Rc8 24. Qb5 Qc6 25. Qd3 Rcd8 26. Qc2 Rc8 27. Nf3 Be7
28. Qb2 cxd4 29. exd4 Qc3 30. Qxc3 Rxc3 31. Bxe7 Rxe7 32. Nd2 Rc2 33. Ref2 Nb8
34. Ne4 Rxf2 35. Rxf2 Nc6 36. Rc2 Nxd4 37. Rc8+ Kg7 38. Nf6 g5 39. Rg8+ Kh6 40.
Rh8 Kg6 41. g4 Rc7 42. Rg8+ Kh6 43. Kg2 Rc5 44. Rd8 Nc6 45. Rg8 Nxe5 46. Ne4
Rc2+ 47. Kg3 f5 48. gxf5 exf5 49. Nxg5 Rc3+ 50. Kg2 f4 51. h4 Rxb3 52. Re8 Ng4
53. Re7 Nf6 54. Re6 Kg6 55. Rc6 Kf5 56. Rc4 Rb2+ 57. Kf3 Rb3+ 58. Kg2 h6 59. Nf3
Rb2+ 60. Kh3 Ne4 61. Rxe4 Kxe4 62. Ng5+ hxg5 63. hxg5 1-0

[Event "39th Eastman Open 2016"]
[Site "Ghent BEL"]
[Date "2016.07.18"]
[Round "6.10"]
[White "Cools, Gorik"]
[Black "Schelvis, Richard"]
[Result "0-1"]
[WhiteTitle "FM"]
[WhiteElo "2293"]
[BlackElo "2094"]
[WhiteFideId "200298"]
[BlackFideId "1039261"]
[EventDate "2016.07.16"]

1. e4 c5 2. Nf3 e6 3. d3 d6 4. g3 b6 5. Bg2 Bb7 6. O-O Nf6 7. Re1 Be7 8. Nbd2
O-O 9. Nf1 Nbd7 10. N3d2 Qc7 11. Ne3 Rfe8 12. f4 Bf8 13. Nf3 g6 14. Qe2 Bg7 15.
g4 c4 16. g5 cxd3 17. cxd3 Nh5 18. Ng4 f5 19. Nh6+ Bxh6 20. gxh6 Ndf6 21. Ng5
Ng4 22. Bf3 Qc5+ 23. Kg2 Nhf6 24. Bd2 fxe4 25. dxe4 Ba6 26. b4 Qd4 27. Bc3 Qxc3
28. Qxa6 Qd2+ 29. Re2 Qxf4 30. Qb7 Qxh2+ 31. Kf1 Qxh6 32. Qf7+ Kh8 33. Nxe6 Rxe6
34. Qxe6 Qf4 35. Kg2 Qh2+ 36. Kf1 Qh3+ 37. Ke1 Qxf3 38. Rc1 Qg3+ 39. Kd2 Qf4+
40. Kd1 Re8 41. Rc8 Rxc8 42. Qxc8+ Kg7 43. Kc2 Ne3+ 44. Kb3 Qxe4 45. Qc3 Qd5+
46. Ka3 Nc4+ 47. Kb3 Qd1+ 48. Qc2 Qxc2+ 49. Rxc2 d5 50. Kc3 h5 51. Kd4 g5 0-1

[Event "39th Eastman Open 2016"]
[Site "Ghent BEL"]
[Date "2016.07.18"]
[Round "6.11"]
[White "McMichael, Richard J"]
[Black "Klundt, Klaus"]
[Result "1/2-1/2"]
[WhiteTitle "CM"]
[BlackTitle "IM"]
[WhiteElo "2226"]
[BlackElo "2291"]
[WhiteFideId "400963"]
[BlackFideId "4600436"]
[EventDate "2016.07.16"]

1. b3 Nf6 2. Bb2 g6 3. e3 Bg7 4. Nf3 O-O 5. c4 c5 6. Nc3 Nc6 7. d4 cxd4 8. Nxd4
d5 9. Be2 Nxd4 10. exd4 dxc4 11. Bxc4 a6 12. a4 Bd7 13. O-O Bc6 14. Re1 e6 15.
Qd2 Qc7 16. h3 Rfd8 17. Rac1 Qb6 18. Red1 Rd7 19. Ne2 Rad8 20. a5 Qa7 21. Qe3
Nd5 22. Qg5 h6 23. Qh4 Ne7 24. Ng3 Bd5 25. Bxd5 Nxd5 26. Ne4 Qb8 27. Nc5 Rc7 28.
Nd3 Rdc8 29. Ne5 Rc2 30. Nc4 Rxc1 31. Bxc1 Nc3 32. Re1 Rd8 33. Be3 Rd5 34. Ne5
Qd8 35. Qg4 h5 36. Qf3 Qf6 37. Qg3 Ne4 38. Qh2 Qd8 39. Qf4 Nd6 40. g4 hxg4 41.
hxg4 Qxa5 42. Rc1 Qd8 43. Kg2 Rb5 44. Rh1 Rxb3 45. Qh2 Ne8 46. Qh7+ Kf8 47. Bh6
Qd5+ 48. f3 Rb2+ 49. Kg3 Qxd4 50. Bxg7+ Nxg7 51. Qh8+ Ke7 52. Qxg7 Qf2+ 53. Kf4
Qd2+ 1/2-1/2

[Event "39th Eastman Open 2016"]
[Site "Ghent BEL"]
[Date "2016.07.18"]
[Round "6.12"]
[White "Becx, Cesar"]
[Black "Sarrau, Jelle"]
[Result "1-0"]
[WhiteTitle "FM"]
[BlackTitle "FM"]
[WhiteElo "2095"]
[BlackElo "2373"]
[WhiteFideId "1001183"]
[BlackFideId "207608"]
[EventDate "2016.07.16"]

1. f4 d5 2. Nf3 g6 3. g3 Bg7 4. Bg2 c5 5. O-O Nc6 6. d3 e6 7. e4 Nge7 8. c4 dxe4
9. dxe4 Qxd1 10. Rxd1 Nd4 11. Nc3 Nxf3+ 12. Bxf3 Bxc3 13. bxc3 Bd7 14. f5 O-O-O
15. Bg5 Rhe8 16. fxg6 hxg6 17. e5 b6 18. Rf1 Ba4 19. Be4 Rd7 20. Rxf7 Nc6 21.
Rxd7 Kxd7 22. Bf6 Rg8 23. h4 Ke8 24. g4 Na5 25. Bd3 Bc6 26. Rf1 Bb7 27. g5 Kf7
28. h5 gxh5 29. Bh7 Nxc4 30. Bh8+ 1-0

[Event "39th Eastman Open 2016"]
[Site "Ghent BEL"]
[Date "2016.07.18"]
[Round "6.13"]
[White "Sadkowski, Daniel"]
[Black "Hekhuis, Jeroen"]
[Result "1-0"]
[WhiteTitle "FM"]
[WhiteElo "2260"]
[BlackElo "2117"]
[WhiteFideId "200255"]
[BlackFideId "1011669"]
[EventDate "2016.07.16"]

1. d4 d5 2. c4 e6 3. Nc3 Nf6 4. cxd5 exd5 5. Bg5 Be7 6. e3 O-O 7. Bd3 c6 8. Qc2
Nbd7 9. Nge2 Re8 10. O-O Nf8 11. f3 h6 12. Bh4 Ne6 13. Rad1 Qb6 14. Kh1 Bd7 15.
a3 a5 16. Rb1 Rad8 17. b4 axb4 18. axb4 Bc8 19. b5 Qc7 20. bxc6 bxc6 21. Rfc1 c5
22. Bxf6 Bxf6 23. Nb5 Qe7 24. dxc5 Ng5 25. Nd6 Qxe3 26. Nxe8 Rxe8 27. Ng1 Bd4
28. c6 Qf4 29. Ne2 1-0

[Event "39th Eastman Open 2016"]
[Site "Ghent BEL"]
[Date "2016.07.18"]
[Round "6.14"]
[White "Vandelacluze, Ian"]
[Black "Lacrosse, Marc"]
[Result "1/2-1/2"]
[BlackTitle "FM"]
[WhiteElo "2105"]
[BlackElo "2225"]
[WhiteFideId "222755"]
[BlackFideId "200921"]
[EventDate "2016.07.16"]

1. e4 e5 2. Nf3 Nc6 3. Bb5 a6 4. Bxc6 dxc6 5. O-O f6 6. d4 exd4 7. Nxd4 c5 8.
Ne2 Qxd1 9. Rxd1 Bd7 10. Nbc3 O-O-O 11. Be3 b6 12. Rd2 Re8 13. Rad1 Bc6 14. a4
Bd6 15. a5 b5 16. Rxd6 cxd6 17. Rxd6 Ne7 18. Bxc5 Bb7 19. Nd4 Rd8 20. Rxd8+ Rxd8
21. Ne6 Rd2 22. Bxe7 Kd7 23. Nc5+ Kxe7 24. Nxb7 Rxc2 25. f3 Rxb2 26. Nd5+ Kf8
27. Nc5 Ra2 28. Nxa6 Rxa5 29. Nab4 Ra3 30. Kf2 Rb3 1/2-1/2

[Event "39th Eastman Open 2016"]
[Site "Ghent BEL"]
[Date "2016.07.19"]
[Round "7.1"]
[White "Epishin, Vladimir"]
[Black "Lintchevski, Daniil"]
[Result "1/2-1/2"]
[WhiteTitle "GM"]
[BlackTitle "GM"]
[WhiteElo "2557"]
[BlackElo "2548"]
[WhiteFideId "4162714"]
[BlackFideId "4171055"]
[EventDate "2016.07.16"]

1. d4 d5 2. Nf3 Nf6 3. c4 c6 4. Qb3 dxc4 5. Qxc4 Bg4 6. Nbd2 Nbd7 7. g3 e6 8.
Bg2 Be7 9. O-O O-O 10. Rd1 Bf5 11. e3 Ne4 12. Qe2 h6 13. Nh4 Nxd2 14. Nxf5 exf5
15. Bxd2 Nf6 16. b4 a6 17. a4 Qd7 18. Rdc1 Rac8 19. Qc4 Ne4 20. Be1 Rfe8 21. Qb3
Bf8 22. Rc2 h5 23. Rac1 g6 24. h4 1/2-1/2

[Event "39th Eastman Open 2016"]
[Site "Ghent BEL"]
[Date "2016.07.19"]
[Round "7.2"]
[White "Docx, Stefan"]
[Black "Michiels, Bart"]
[Result "0-1"]
[WhiteTitle "IM"]
[BlackTitle "GM"]
[WhiteElo "2420"]
[BlackElo "2524"]
[WhiteFideId "200778"]
[BlackFideId "202967"]
[EventDate "2016.07.16"]

1. e4 e6 2. d4 d5 3. Nd2 Nf6 4. e5 Nfd7 5. Bd3 c5 6. c3 Nc6 7. Ne2 cxd4 8. cxd4
f6 9. exf6 Nxf6 10. O-O Bd6 11. Nf3 O-O 12. Bf4 Bxf4 13. Nxf4 Ne4 14. Qc1 Ng5
15. Nxg5 Qxg5 16. Ne2 Qxc1 17. Raxc1 a6 18. f3 Bd7 19. Rfd1 h6 20. a3 Kf7 21. b4
Ke7 22. Rc3 Kd6 23. b5 axb5 24. Bxb5 Rfc8 25. Kf2 Na5 26. Rb1 Rxc3 27. Nxc3 Rc8
28. Ne2 Rc7 29. Bd3 Ba4 30. Rc1 Rc6 31. Ke3 Bb3 32. Rb1 Bc4 33. Nc3 b6 34. a4
Bxd3 35. Kxd3 Nc4 36. f4 Rc8 37. f5 exf5 38. Rb5 Rc6 39. Rxd5+ Ke6 40. Rb5 Kd7
41. Rb4 Ne3 42. Rb5 f4 43. d5 Rg6 44. g3 fxg3 45. hxg3 Rxg3 46. Ne2 Rh3 47. Nf4
Rg3 48. Ke4 Nc4 49. Ne6 Nd6+ 50. Kf4 Nxb5 51. Kxg3 Nc3 52. Nxg7 Nxa4 53. Nf5 b5
54. Kf4 b4 55. Ke4 Nc3+ 56. Kd3 h5 57. d6 Nb5 58. Nh4 Nxd6 0-1

[Event "39th Eastman Open 2016"]
[Site "Ghent BEL"]
[Date "2016.07.19"]
[Round "7.3"]
[White "Draftian, Ashote"]
[Black "Dgebuadze, Alexandre"]
[Result "1/2-1/2"]
[WhiteTitle "FM"]
[BlackTitle "GM"]
[WhiteElo "2283"]
[BlackElo "2511"]
[WhiteFideId "204552"]
[BlackFideId "203882"]
[EventDate "2016.07.16"]

1. e4 c5 2. Nc3 Nc6 3. f4 e6 4. Nf3 d5 5. Bb5 Nf6 6. Ne5 Qc7 7. Qf3 a6 8. Bxc6+
bxc6 9. O-O Be7 10. d3 O-O 11. b3 a5 12. Na4 c4 13. bxc4 dxe4 14. dxe4 Rb8 15.
Bd2 Bb4 16. Be3 Rd8 17. Rfd1 Rxd1+ 18. Rxd1 Bf8 19. Nd3 Ba6 20. c5 Nd7 21. Qf2
Nf6 22. Qf3 Nd7 23. Qf2 Nf6 24. Qf3 Nd7 1/2-1/2

[Event "39th Eastman Open 2016"]
[Site "Ghent BEL"]
[Date "2016.07.19"]
[Round "7.4"]
[White "Venkatesh, M.R."]
[Black "Becx, Cesar"]
[Result "1/2-1/2"]
[WhiteTitle "GM"]
[BlackTitle "FM"]
[WhiteElo "2445"]
[BlackElo "2095"]
[WhiteFideId "5005779"]
[BlackFideId "1001183"]
[EventDate "2016.07.16"]

1. Nf3 f5 2. d3 Nc6 3. d4 e6 4. Bg5 Nf6 5. Nbd2 h6 6. Bxf6 Qxf6 7. e4 Nxd4 8.
Nxd4 Qxd4 9. Qh5+ Kd8 10. O-O-O Qf6 11. f4 fxe4 12. g3 Qf5 13. Qe2 c6 14. Nxe4
Kc7 15. Kb1 d5 16. Nf2 Bd7 17. Bh3 Qf6 18. Ng4 Qf5 19. Qg2 e5 20. Nf2 Qf7 21.
Bxd7 Qxd7 22. fxe5 Qe6 23. Nd3 g5 24. Rhf1 Be7 25. Qg1 b6 26. b4 a5 27. c3 d4
28. b5 dxc3 29. Rc1 1/2-1/2

[Event "39th Eastman Open 2016"]
[Site "Ghent BEL"]
[Date "2016.07.19"]
[Round "7.5"]
[White "Barendse, Ted"]
[Black "Djuric, Stefan"]
[Result "0-1"]
[BlackTitle "GM"]
[WhiteElo "2208"]
[BlackElo "2420"]
[WhiteFideId "1006150"]
[BlackFideId "900133"]
[EventDate "2016.07.16"]

1. e4 e5 2. Nf3 Nc6 3. Bb5 a6 4. Ba4 Nf6 5. O-O Be7 6. Re1 b5 7. Bb3 O-O 8. h3
d6 9. c3 h6 10. d4 Re8 11. Nbd2 Bf8 12. Bc2 Bd7 13. Nf1 g6 14. a4 exd4 15. cxd4
Nb4 16. Bb1 bxa4 17. Ng3 Bg7 18. Ra3 Rb8 19. Bf4 Nh7 20. Qd2 h5 21. Bh6 h4 22.
Ne2 Nc6 23. Bxg7 Kxg7 24. Nc3 Na5 25. Bd3 Nb3 26. Qf4 c5 27. Bc4 Qf6 28. Qxf6+
Nxf6 29. e5 Nh5 30. Bxb3 Rxb3 31. Rxb3 axb3 32. dxc5 dxc5 33. Ne4 Bc6 34. Nxc5
Bxf3 35. gxf3 Nf4 36. Kh2 Rc8 37. Rc1 Kh6 38. Nxb3 Rb8 39. Nc5 Rxb2 40. Ne4 Nd3
41. Rc3 Nxf2 42. Nxf2 Rxf2+ 43. Kg1 Re2 44. Ra3 Kg5 45. Ra4 Rb2 46. Rg4+ Kf5 47.
Rxh4 Ra2 48. f4 Ra4 49. Rh7 Ke6 50. f5+ gxf5 51. Kf2 Kxe5 52. Rxf7 Kf4 53. h4
Ra2+ 54. Ke1 Ke3 55. Re7+ Kf3 56. h5 Rh2 57. Ra7 f4 58. Rxa6 Rh1+ 59. Kd2 Rxh5
60. Re6 Ra5 61. Rh6 Re5 0-1

[Event "39th Eastman Open 2016"]
[Site "Ghent BEL"]
[Date "2016.07.19"]
[Round "7.6"]
[White "Schelvis, Richard"]
[Black "Alienkin, Aleksander"]
[Result "0-1"]
[BlackTitle "IM"]
[WhiteElo "2094"]
[BlackElo "2387"]
[WhiteFideId "1039261"]
[BlackFideId "4156765"]
[EventDate "2016.07.16"]

1. d4 e6 2. c4 Nf6 3. Nf3 Bb4+ 4. Bd2 a5 5. g3 d6 6. Bg2 Nbd7 7. O-O Bxd2 8.
Qxd2 O-O 9. Nc3 c6 10. e4 e5 11. Rad1 Re8 12. Nh4 Qc7 13. Nf5 Nf8 14. dxe5 dxe5
15. Qd6 Qb6 16. Ne7+ Kh8 17. Na4 Qb4 18. Qxb4 axb4 19. Nb6 Bg4 20. f3 Rab8 21.
fxg4 Rxe7 22. g5 N6d7 23. Nxd7 Nxd7 24. Bh3 Nc5 25. Rfe1 Ree8 26. b3 Red8 27.
Bg2 Kg8 28. Kf1 Kf8 29. Ke2 Ke7 30. Ke3 Ra8 31. Rxd8 Rxd8 32. Bf1 Rd4 33. Kf3
Rd2 34. Re2 Rd1 35. Bh3 Rd4 36. Bg2 Ne6 37. h4 Rd3+ 38. Kf2 Nd4 39. Rb2 Kd6 40.
Bh1 Kc5 41. Bg2 Rd1 42. Bf3 Rd3 43. Be2 Rc3 44. Bd1 Rd3 45. Be2 Nxe2 46. Rxe2
Kd4 47. Rc2 Kxe4 48. c5 Kd5 49. Rc4 Rd4 50. Rc2 f6 51. gxf6 gxf6 52. Ke3 h5 53.
Rf2 Ke6 54. Rc2 f5 55. Rf2 Rg4 56. Kf3 e4+ 57. Kg2 f4 58. Rxf4 Rxf4 59. gxf4 Kf5
60. Kg3 e3 61. Kf3 e2 62. Kxe2 Kxf4 63. Kd3 Kg4 64. Ke4 Kxh4 65. Kf4 Kh3 66. Kf3
h4 67. Kf2 Kg4 68. Kg2 Kf4 0-1

[Event "39th Eastman Open 2016"]
[Site "Ghent BEL"]
[Date "2016.07.19"]
[Round "7.7"]
[White "Van Baarle, John"]
[Black "Inkiov, Ventzislav"]
[Result "0-1"]
[WhiteTitle "FM"]
[BlackTitle "GM"]
[WhiteElo "2179"]
[BlackElo "2467"]
[WhiteFideId "1000691"]
[BlackFideId "2900033"]
[EventDate "2016.07.16"]

1. d4 Nf6 2. c4 e6 3. Nf3 Bb4+ 4. Bd2 Qe7 5. Nc3 O-O 6. a3 Bxc3 7. Bxc3 d6 8.
Qc2 Nbd7 9. e4 e5 10. d5 c6 11. Be2 a5 12. b4 axb4 13. axb4 Rxa1+ 14. Bxa1 cxd5
15. cxd5 Nb6 16. Nd2 Bg4 17. Bb5 Rc8 18. Qb1 Qc7 19. f3 Bd7 20. Bxd7 Nfxd7 21.
Ke2 Na4 22. Qb3 b5 23. Bb2 Nxb2 24. Qxb2 Nb6 25. Qb3 Na4 26. Ra1 h6 27. Qd3 Qb8
28. Ra3 Rc1 29. Kf2 Nb2 30. Qe2 Rc2 31. Kg3 Nc4 32. Rd3 Qd8 33. h4 Qa8 34. Qd1
Qa2 35. Nxc4 Rxg2+ 0-1

[Event "39th Eastman Open 2016"]
[Site "Ghent BEL"]
[Date "2016.07.19"]
[Round "7.8"]
[White "Van der Linden, Hans"]
[Black "Van der Stricht, Geert"]
[Result "0-1"]
[BlackTitle "IM"]
[WhiteElo "2162"]
[BlackElo "2368"]
[WhiteFideId "1048279"]
[BlackFideId "201324"]
[EventDate "2016.07.16"]

1. d4 Nf6 2. c4 e6 3. Nc3 Bb4 4. Nf3 c5 5. g3 cxd4 6. Nxd4 Ne4 7. Qd3 Bxc3+ 8.
bxc3 Nc5 9. Qc2 d6 10. Bg2 e5 11. Nf5 Bxf5 12. Qxf5 Qd7 13. Qc2 Nba6 14. O-O O-O
15. Rd1 Rac8 16. Ba3 Rfd8 17. Rd2 b6 18. Rad1 Qe7 19. Bh3 Rb8 20. Bg2 g6 21. Bd5
Kg7 22. e4 Nc7 23. Bc6 N7e6 24. Rf1 Rdc8 25. Bd5 Nc7 26. f4 exf4 27. Bxc5 bxc5
28. Rxf4 Rf8 29. Rdf2 f6 30. h4 Rb6 31. g4 Rbb8 32. Kg2 Ne6 33. Bxe6 Qxe6 34.
Qd3 h6 35. h5 g5 36. Rf5 Rbe8 37. Kh3 Qxe4 38. Qxd6 Qh1+ 39. Kg3 Re3+ 40. R5f3
Qh4+ 41. Kg2 Qxg4+ 42. Qg3 Qe4 43. Kh2 Rxf3 44. Rxf3 Qxc4 45. Rd3 Qxa2+ 46. Kg1
Qb1+ 47. Kg2 Rf7 48. Qe3 Qa2+ 49. Rd2 Qc4 50. Rd8 Qg4+ 51. Kf2 Qh4+ 52. Kg2 Qg4+
53. Kf2 Qf5+ 54. Kg2 Qe5 55. Qd3 f5 56. Qa6 Qe4+ 57. Kf1 Qf3+ 58. Kg1 Qxh5 59.
Qc8 Qg4+ 60. Kf2 Qf4+ 61. Kg2 Qe4+ 62. Kf2 Kg6 63. Rd6+ Kh5 64. Qa6 Re7 65.
Rxh6+ Kg4 66. Qa1 Qe3+ 67. Kf1 Qe2+ 68. Kg1 Re3 0-1

[Event "39th Eastman Open 2016"]
[Site "Ghent BEL"]
[Date "2016.07.19"]
[Round "7.9"]
[White "Pienski, Olaf"]
[Black "Sadkowski, Daniel"]
[Result "1/2-1/2"]
[BlackTitle "FM"]
[WhiteElo "2168"]
[BlackElo "2260"]
[WhiteFideId "4619544"]
[BlackFideId "200255"]
[EventDate "2016.07.16"]

1. e4 g6 2. d4 Bg7 3. Nc3 d6 4. g3 Nf6 5. Bg2 O-O 6. Nge2 Nbd7 7. O-O c5 8. h3
cxd4 9. Nxd4 Nc5 10. Be3 Ne6 11. Re1 Nxd4 12. Bxd4 Be6 13. Nd5 Bxd5 14. exd5 Re8
15. Qd2 Nd7 16. Re3 Bxd4 1/2-1/2

[Event "39th Eastman Open 2016"]
[Site "Ghent BEL"]
[Date "2016.07.19"]
[Round "7.10"]
[White "Klundt, Klaus"]
[Black "Deberdt, Joris"]
[Result "1-0"]
[WhiteTitle "IM"]
[WhiteElo "2291"]
[BlackElo "2110"]
[WhiteFideId "4600436"]
[BlackFideId "243302"]
[EventDate "2016.07.16"]

1. e4 c5 2. Nf3 g6 3. d4 cxd4 4. Nxd4 Nc6 5. Nc3 Bg7 6. Be3 Nf6 7. Bc4 O-O 8.
Bb3 a5 9. O-O d6 10. f3 Nxd4 11. Bxd4 Nd7 12. Bxg7 Kxg7 13. Qd4+ Kg8 14. Nd5 Nc5
15. Rfd1 Bd7 16. e5 Bc6 17. Bc4 b5 18. exd6 Qxd6 19. Qe3 Rae8 20. Nb6 Qf6 21.
Qxc5 bxc4 22. Nxc4 Rc8 23. Qd4 Qg5 24. Qe5 Qxe5 25. Nxe5 f6 26. Nxc6 Rxc6 27.
Rac1 Rb8 28. b3 a4 29. Rd3 Kf7 30. Kf2 e5 31. Ke3 Ke6 32. Kd2 f5 33. c4 g5 34.
Kc3 axb3 35. axb3 h5 36. Rd5 Rcb6 37. Rb1 Rb4 38. Kc2 Rc8 39. Ra5 1-0

[Event "39th Eastman Open 2016"]
[Site "Ghent BEL"]
[Date "2016.07.19"]
[Round "7.11"]
[White "Stone, Andrew M"]
[Black "Vinke, Maarten"]
[Result "1/2-1/2"]
[WhiteElo "2208"]
[BlackElo "2129"]
[WhiteFideId "404985"]
[BlackFideId "1038648"]
[EventDate "2016.07.16"]

1. c4 c6 2. g3 d5 3. Bg2 Nf6 4. Nf3 e6 5. b3 Be7 6. Bb2 O-O 7. O-O Nbd7 8. d3 b5
9. Nbd2 bxc4 10. bxc4 Rb8 11. Qc2 Ba6 12. Rab1 Qa5 13. Bc3 Qa3 14. Ne5 Nxe5 15.
Bxe5 Bd6 16. Bxd6 1/2-1/2